000 00812nam a22002177a 4500
005 2010072604364.0
010 _aENG-96887
020 _a9788182091191
_c275.00
035 _aEN-80420
037 _bDBAD/PUB
082 _a256
100 _aJ Kumar
_92475
245 _aEngineering physics II :
_bas per the latest anna university syllabus for second semester /
_cby J Kumar [and] S Vasudevan
260 _aUttar Pradesh
_bMcGraw- Hill Education
_c2009
270 _aB-4, Sector- 63, Dist. Gautam Budh Nagar, Noida
_bUttar Pradesh
_e201301
300 _aviii, various pages
_bill.
_c24cm, (pbk)
500 _aincludes index
700 _aVasudevan, S
_91440
942 _2ddc
_cEN
_mKUM
999 _c37685
_d37685